El paisaje de la historia (Record no. 89106)

MARC details
000 -LEADER
campo de control de longitud fija 00897nam a2200277 i 4500
001 - NÚMERO DE CONTROL
campo de control 89106
003 - IDENTIFICADOR DE NÚMERO DE CONTROL
campo de control ES-MaACL
005 - FECHA Y HORA DE LA ÚLTIMA TRANSACCIÓN
campo de control 20230906180058.0
007 - CAMPO FIJO DE DESCRIPCIÓN FÍSICA--INFORMACIÓN GENERAL
campo de control de longitud fija t|
008 - DATOS DE LONGITUD FIJA--INFORMACIÓN GENERAL
campo de control de longitud fija 050201s2004 sp ||||1| spa d
020 ## - NÚMERO INTERNACIONAL ESTÁNDAR DEL LIBRO
Número Internacional Estándar del Libro 84-339-6207-8
080 ## - NÚMERO DE LA CLASIFICACIÓN DECIMAL UNIVERSAL
Número de la Clasificación Decimal Universal 930.1
080 ## - NÚMERO DE LA CLASIFICACIÓN DECIMAL UNIVERSAL
Número de la Clasificación Decimal Universal 930.2
100 1# - ENTRADA PRINCIPAL--NOMBRE DE PERSONA
Nombre de persona Gaddis, John Lewis.
9 (RLIN) 53185
245 13 - MENCIÓN DEL TÍTULO
Título El paisaje de la historia
Resto del título : cómo los historiadores representan el pasado /
Mención de responsabilidad, etc. John Lewis Gaddis ; traducción de Marco Aurelio Galmarini.
260 ## - PUBLICACIÓN, DISTRIBUCIÓN, ETC.
Lugar de publicación, distribución, etc. Barcelona :
Nombre del editor, distribuidor, etc. Anagrama,
Fecha de publicación, distribución, etc. [2004]
300 ## - DESCRIPCIÓN FÍSICA
Extensión 244 p. :
Otras características físicas il. ;
Dimensiones 22 cm.
490 1# - MENCIÓN DE SERIE
Mención de serie Argumentos ;
Designación de volumen o secuencia 313
650 #4 - PUNTO DE ACCESO ADICIONAL DE MATERIA--TÉRMINO DE MATERIA
Término de materia o nombre geográfico como elemento de entrada Historia-
Subdivisión general Filosofía.
9 (RLIN) 13380
650 14 - PUNTO DE ACCESO ADICIONAL DE MATERIA--TÉRMINO DE MATERIA
Término de materia o nombre geográfico como elemento de entrada Historia-
Subdivisión general Metodología.
9 (RLIN) 13381
700 1# - ENTRADA AGREGADA--NOMBRE PERSONAL
Nombre de persona Galmarini, Marco Aurelio.
9 (RLIN) 53654
830 0# - PUNTO DE ACCESO ADICIONAL DE SERIE-TÍTULO UNIFORME
Título uniforme Argumentos ;
Designación de volumen o secuencia 313
9 (RLIN) 178418
852 ## - LOCALIZACIÓN
Ubicación ES-MaACL
Número de control de estantería L-28736
Sublocalización o colección R.135041
852 ## - LOCALIZACIÓN
Ubicación ES-MaACL
Número de control de estantería L-29097
Sublocalización o colección R.135601
Holdings
Estatus retirado Estado de pérdida Estado de daño No para préstamo Biblioteca de origen Biblioteca actual Ubicación en estantería Fecha de adquisición Fuente de adquisición Total de préstamos Signatura topográfica completa Código de barras Visto por última vez Precio de reemplazo Tipo de ítem Koha
        Biblioteca del Ateneo de Madrid Biblioteca del Ateneo de Madrid Depósito 2 17/01/2008     L-29097 1093064 23/02/2023 23/02/2023 Libro impreso
        Biblioteca del Ateneo de Madrid Biblioteca del Ateneo de Madrid Depósito 2 17/01/2008     L-28736 1093063 23/02/2023 23/02/2023 Libro impreso